000 00797naa a22002537a 4500
001 BR5600043
003 BR-BrBNA
005 20250709164602.0
007 ta
008 250630b bl.|||m| |||| 00| 0 por d
040 _aBR-BrBNA
_bpor
_cBiblioteca Nacional de Agricultura
041 _a(Pt)
072 _aQ10
_b9410
090 _aQ10 BR5600043
100 1 _aFrensei, O.
245 1 _aSelecao laticinistas mundiais [Tecnologia de alimento]
500 _aProblemas referentes ao leite Rio de Janeiro, GB (Brasil): 1956. p. 237-251 [19 ref.] (BR5600043-AMS)
650 _aTecnologia de alimento
650 _aLeite
650 _aLaticinio
490 _aEstudos Tecnicos - Servico de Informacao Agricola (Brazil)
_vno. 8
942 _cAMS
_2AGRIS
909 _a202506
_bLúcia
_c55
_dLúcia Elande
999 _c332541
_d332541